000 00539nam a2200181Ia 4500
001 14288
005 20260306164903.0
008 260306t2013||||xx |||||||||||||| ||spa||
041 _aESP
082 _a511.3
_bC266
100 _aCopeland, B. Jack
_eAUT
245 4 _aThe essential turing:
_bseminal writing in computing, logic, philosophy, artificial intelligence, and artificial life plus the secrets of enigma
260 _c2013
300 _a613 páginas :
_c23 cm.
650 _aGEN
654 _aCMA
942 _cLIB
_dJUS
_fJUS
_2ddc
_n
999 _c14288
_d14288